Llwytho...
Asymmetric catalysis using chiral oxazaborolidines /
| Prif Awdur: | |
|---|---|
| Fformat: | Ph.D Thesis |
| Iaith: | Undetermined |
| Pynciau: |
| LEADER | 00490nam a2200145Ia 4500 | ||
|---|---|---|---|
| 001 | 147524 | ||
| 008 | 170722s9999 xx 000 0 und d | ||
| 100 | |a Santhi, V. | ||
| 245 | |a Asymmetric catalysis using chiral oxazaborolidines / | ||
| 502 | |a Thesis (Ph.D.)-- Chemistry, University of Kerala | ||
| 653 | |a Chemistry | ||
| 653 | |a Phd Thesis | ||
| 942 | |c TH | ||
| 999 | |c 165360 |d 165360 | ||
| 952 | |0 0 |1 0 |4 0 |6 E_62888_N9RT |7 0 |8 RT |9 229937 |a LIB |b LIB |d 2017-08-12 |o E6,28:88 N9(RT) |p G31058 |r 2017-08-12 |w 2017-08-12 |y TH | ||